00487 2200205 4500001002100000005001500021008004100036020001800077035001900095041000700114082001400121090001600135100002100151245001300172250000900185260004100194300001800235500001000253650001800263INLIS00000000000576120241224113148241224||||||||| | ||| |||| || |  a979-20-3181-2 0010-1224005761 aid0 a741:03:00 a741.3 TAK T0 aTAKAHASHI RUMIKO00aINUYASHA aED.1 aJakartabElex Media Komputindoc2002 a185 HLM,;17CM aCET 1 0aILMU KESENIAN